01375nam a2200397 a 450000100060000000300080000600500170001400600190003100700150005000800410006502000180010603500230012403500240014703500250017103500220019604000260021805000260024408000060027008200140027610000320029024501440032225000120046626000570047830000100053553301640054560000300070965000270073965000260076665300140079265300110080665500270081770000350084471000190087985600620089899900170096026830FlNmELB20241216215931.0m o d | cr cn|||||||||201003r2007 mx |||||s|||||||||||spa d z9789703604012 a(MiAaPQ)EBC3186984 a(Au-PeEL)EBL3186984 a(CaPaEBR)ebr10365311 a(OCoLC)1105904548 aFlNmELBbspacFlNmELB 4aB1019.G284bG211 2007 a104a109.22221 aGaos de Camacho, Ángeles.14aUna tarde con mi padreh[recurso electronico] :brecuerdo de José Gaos /cÁngeles Gaos de Camacho ; prólogo de Alfonso Rangel Guerra. a2a. ed. aMéxico :bInstituto Politécnico Nacional,c2007. a96 p. aRecurso electrónico. Santa Fe, Arg.: e-libro, 2015. Disponible vía World Wide Web. El acceso puede estar limitado para las bibliotecas afiliadas a e-libro.10aGaos, José,d1900-1969. 4aFilósofoszMéxico. 4aPhilosopherszMexico. aFilosofos aMexico 4aLibros electrónicos.1 aRangel Guerra, Alfonso,eprol.2 ae-libro, Corp.40uhttps://elibro.net/ereader/politecnicointernacional/74719 c26830d26830